INORGANIC CHEMISTRY PART-2 (Record no. 10039)
[ view plain ]
| 000 -LEADER | |
|---|---|
| fixed length control field | 00309nam a22001457a 4500 |
| 003 - CONTROL NUMBER IDENTIFIER | |
| control field | SGT |
| 082 ## - DEWEY DECIMAL CLASSIFICATION NUMBER | |
| Classification number | 546,PIM |
| 100 ## - MAIN ENTRY--PERSONAL NAME | |
| Personal name | PIMPLURE, S |
| 245 ## - TITLE STATEMENT | |
| Title | INORGANIC CHEMISTRY PART-2 |
| 250 ## - EDITION STATEMENT | |
| Edition statement | 2ND |
| 260 ## - PUBLICATION, DISTRIBUTION, ETC. (IMPRINT) | |
| Place of publication, distribution, etc | NEW DELHI |
| Name of publisher, distributor, etc | PRAGATI PRAKASHAN |
| Year of Publication | 2014 |
| 300 ## - PAGE DESCRIPTION | |
| No. of Pages | 380 |
| 650 ## - SUBJECT ADDED ENTRY--TOPICAL TERM | |
| Topical term or geographic name as entry element | CHEMISTRY |
| 942 ## - ADDED ENTRY ELEMENTS (KOHA) | |
| Source of classification or shelving scheme | Dewey Decimal Classification |
| Koha item type | FPS Books |
| Withdrawn status | Lost status | Source of classification or shelving scheme | Damaged status | Not for loan | Collection code | Home library | Current library | Shelving location | Date acquired | Vendor Name | Cost, normal purchase price | SGTU | Bill Number | Total Checkouts | Full call number | Accession No. (Barcode) | Date last seen | Date last borrowed | Bill Date | Koha item type |
|---|---|---|---|---|---|---|---|---|---|---|---|---|---|---|---|---|---|---|---|---|
| Dewey Decimal Classification | SCIENCE | SGT Science & Social Sciences Library | SGT Science & Social Sciences Library | Text Book | 25/11/2016 | PRAGATI PRAKASHAN | 360.00 | SGTU | 7099 | 2 | 546,PIM | PS2687 | 10/02/2021 | 08/01/2021 | 26/09/2016 | FPS Books | ||||
| Dewey Decimal Classification | SCIENCE | SGT Science & Social Sciences Library | SGT Science & Social Sciences Library | Text Book | 25/11/2016 | PRAGATI PRAKASHAN | 360.00 | SGTU | 7099 | 1 | 546,PIM | PS2688 | 03/05/2019 | 25/04/2019 | 26/09/2016 | FPS Books | ||||
| Dewey Decimal Classification | SCIENCE | SGT Science & Social Sciences Library | SGT Science & Social Sciences Library | Text Book | 25/11/2016 | PRAGATI PRAKASHAN | 360.00 | SGTU | 7099 | 3 | 546,PIM | PS2689 | 23/05/2025 | 25/04/2025 | 26/09/2016 | FPS Books | ||||
| Dewey Decimal Classification | SCIENCE | SGT Science & Social Sciences Library | SGT Science & Social Sciences Library | Text Book | 25/11/2016 | PRAGATI PRAKASHAN | 360.00 | SGTU | 7099 | 3 | 546,PIM | PS2690 | 06/03/2021 | 10/02/2021 | 26/09/2016 | FPS Books |